00513nam a2200133 a 4500008004100000050002400041110006700065245009700132260003800229300000800267350000900275500005100284650004400335090519s1978 ||||||||||||||||| || u aGOV.ZAM(058)ID/1978 aGovernment of the Republic of Zambia. Ministry of Home Affairs10aMinistry of home affairs immigration department annual report (1976, 1977, 1978, 1979, 1980) aLusaka:bGovernment Printerc1978 a6p. a0.00 aLIBRARY HOLDINGS: 1976, 1977, 1978, 1979, 1980 aMINISTRY OF HOME AFFAIRS--ANNUAL REPORT